MARC details
| 000 -LEADER |
| fixed length control field |
01074 a2200349 4500 |
| 001 - CONTROL NUMBER |
| control field |
160083 |
| 003 - CONTROL NUMBER IDENTIFIER |
| control field |
TR-AnTOB |
| 005 - DATE AND TIME OF LATEST TRANSACTION |
| control field |
20240812114117.0 |
| 008 - FIXED-LENGTH DATA ELEMENTS--GENERAL INFORMATION |
| fixed length control field |
160815s2001 tu 001 0 |
| 020 ## - INTERNATIONAL STANDARD BOOK NUMBER |
| Canceled/invalid ISBN |
9758431242 |
| 040 ## - CATALOGING SOURCE |
| Original cataloging agency |
TR-AnTOB |
| 041 ## - LANGUAGE CODE |
| Language code of text/sound track or separate title |
Türkçe |
| 050 #4 - LIBRARY OF CONGRESS CALL NUMBER |
| Classification number |
HB3716 |
| Item number |
.K76 2000 |
| 090 ## - LOCALLY ASSIGNED LC-TYPE CALL NUMBER (OCLC); LOCAL CALL NUMBER (RLIN) |
| Classification number (OCLC) (R) ; Classification number, CALL (RLIN) (NR) |
HB3716 .K76 2000 |
| 100 1# - MAIN ENTRY--PERSONAL NAME |
| Personal name |
Krugman, Paul |
| 9 (RLIN) |
66063 |
| 245 10 - TITLE STATEMENT |
| Title |
Bunalım ekonomisinin geri dönüşü / |
| Statement of responsibility, etc. |
Paul Krugman ; Türkçesi Neşenur Domaniç. |
| 264 #1 - PRODUCTION, PUBLICATION, DISTRIBUTION, MANUFACTURE, AND COPYRIGHT NOTICE |
| Place of production, publication, distribution, manufacture |
İstanbul : |
| Name of producer, publisher, distributor, manufacturer |
İSO, |
| Date of production, publication, distribution, manufacture, or copyright notice |
2001. |
| 300 ## - PHYSICAL DESCRIPTION |
| Extent |
187 p. ; |
| Dimensions |
22cm. |
| 490 0# - SERIES STATEMENT |
| Series statement |
Literatür yayınları ; |
| Volume/sequential designation |
60. |
| 504 ## - BIBLIOGRAPHY, ETC. NOTE |
| Bibliography, etc. note |
|
| 650 #3 - SUBJECT ADDED ENTRY--TOPICAL TERM |
| Topical term or geographic name entry element |
Business cycles |
| General subdivision |
History |
| Chronological subdivision |
20th century |
| 9 (RLIN) |
66069 |
|
| Topical term or geographic name entry element |
Recessions |
| General subdivision |
History |
| Chronological subdivision |
20th century |
| 9 (RLIN) |
66068 |
|
| Topical term or geographic name entry element |
Economic history |
| Chronological subdivision |
1990- |
| General subdivision |
1990- |
| 9 (RLIN) |
66067 |
|
| Topical term or geographic name entry element |
Ekonomi tarihi |
| Chronological subdivision |
1990- |
| 9 (RLIN) |
66066 |
|
| Topical term or geographic name entry element |
Konjonktür |
| General subdivision |
Tarih |
| Chronological subdivision |
20.yüzyıl |
| 9 (RLIN) |
66065 |
|
| Topical term or geographic name entry element |
Durgunluk |
| General subdivision |
Tarih |
| Chronological subdivision |
20.yüzyıl |
| 9 (RLIN) |
66064 |
| 710 22 - ADDED ENTRY--CORPORATE NAME |
| Corporate name or jurisdiction name as entry element |
İstanbul Sanayi Odası |
| 9 (RLIN) |
23094 |
| 700 ## - ADDED ENTRY--PERSONAL NAME |
| Personal name |
Domaniç, Neşenur |
| 9 (RLIN) |
72314 |
| 901 ## - LOCAL DATA ELEMENT A, LDA (RLIN) |
| a |
T000011,T000012 |
| 902 ## - LOCAL DATA ELEMENT B, LDB (RLIN) |
| a |
AA. |
| 942 ## - ADDED ENTRY ELEMENTS (KOHA) |
| Koha item type |
Book |